Organizacija i upravlenije torgovlej

Enregistré dans:
Détails bibliographiques
Auteur principal: Ustinov, Michail Terent'jevič
Format: Livre
Langue:russe
Publié: Moskva Ekonomika 1986
Tags: Ajouter un tag
Pas de tags, Soyez le premier à ajouter un tag!

MARC

LEADER 00000nam a2200000 4500
001 c103404
005 20041019155129.2
041 0 |a rus 
044 |a RU 
245 1 0 |a Organizacija i upravlenije torgovlej  |c Michail Terent'jevič Ustinov 
264 1 |a Moskva  |b Ekonomika  |c 1986 
300 |a 253 s. 
100 1 |a Ustinov, Michail Terent'jevič